[Event "Hamilton The President's Shield"]
[Site "Hamilton"]
[Date "2018.02.13"]
[Round "4"]
[White "Gontcharov, Dimitri"]
[Black "Turner, Ezra"]
[Result "0-1"]
[WhiteElo "1218"]
[BlackElo "1629"]
[PlyCount "42"]
[EventDate "2018.01.16"]
[EventType "swiss"]
[EventRounds "6"]
[EventCountry "BER"]
[SourceTitle "EXT 2024"]
[Source "ChessBase"]
[SourceDate "2023.10.10"]
[SourceVersion "1"]
[SourceVersionDate "2023.10.10"]
[SourceQuality "1"]

1. e4 Nc6 2. d4 e6 3. Nf3 h6 4. Nc3 Bb4 5. Bd2 Nge7 6. Bc4 d5 7. exd5 exd5 8. Bb3 Bg4 9. Be3 0-0 10. 0-0 Re8 11. a3 Bd6 12. Re1 Na5 13. h3 Bh5 14. Qd2 Bxf3 15. gxf3 Nxb3 16. cxb3 Nf5 17. Bf4 Qh4 18. Bxd6 cxd6 19. Kh2 Nxd4 20. Rxe8+ Rxe8 21. Qxd4 Qxd4 0-1

[Event "Hamilton The President's Shield"]
[Site "Hamilton"]
[Date "2018.01.23"]
[Round "2"]
[White "Turner, Ezra"]
[Black "Lill, Sami"]
[Result "0-1"]
[WhiteElo "1629"]
[BlackElo "1834"]
[PlyCount "120"]
[EventDate "2018.01.16"]
[EventType "swiss"]
[EventRounds "6"]
[EventCountry "BER"]
[SourceTitle "EXT 2024"]
[Source "ChessBase"]
[SourceDate "2023.10.10"]
[SourceVersion "1"]
[SourceVersionDate "2023.10.10"]
[SourceQuality "1"]

1. e4 Nc6 2. Bb5 e5 3. Bxc6 bxc6 4. Nf3 Qf6 5. h3 Bc5 6. c3 h6 7. b4 Bb6 8. Bb2 d6 9. d4 exd4 10. cxd4 Ba6 11. Qc2 Ne7 12. e5 Qg6 13. Qxg6 Nxg6 14. exd6 cxd6 15. Nbd2 Nf4 16. 0-0-0 Nd3+ 17. Kc2 Nxb4+ 18. Kb3 Nd3 19. Ne4 Rb8 20. Kc2 Nb4+ 21. Kd2 Bc7 22. Ba3 Kd7 23. Rhe1 Nd5 24. Rg1 Rhe8 25. Ng3 g6 26. Kc2 f5 27. Rde1 Nf4 28. Rxe8 Rxe8 29. Re1 Rxe1 30. Nxe1 Ba5 31. Kd1 Bxe1 32. Kxe1 Nxg2+ 33. Kd2 Bc4 34. Bc1 Bxa2 35. Kc3 f4 36. Ne2 g5 37. Ng1 a5 38. Bd2 Nh4 39. Kb2 Bd5 40. Bxa5 Nf3 41. Nxf3 Bxf3 42. Bd2 Ke6 43. Kc3 h5 44. Kd3 h4 45. Bb4 Bg2 46. Ke2 Kd5 47. Bc3 Ke4 48. f3+ Bxf3+ 49. Kf2 Bd1 50. Bb2 Bb3 51. d5 Bxd5 52. Bf6 Kf5 53. Be7 c5 54. Bxd6 c4 55. Bb4 Be6 56. Kg1 Ke4 57. Kh2 Kd3 58. Be7 Ke2 59. Bf6 f3 60. Bd4 f2 0-1

[Event "Hamilton The Collie Cup"]
[Site "Hamilton"]
[Date "2016.11.27"]
[Round "1"]
[White "Turner, Ezra"]
[Black "Mufandaedza, Moses"]
[Result "0-1"]
[WhiteElo "1700"]
[BlackElo "1981"]
[PlyCount "54"]
[EventDate "2016.11.22"]
[EventType "swiss"]
[EventRounds "6"]
[EventCountry "BER"]
[SourceTitle "EXT 2024"]
[Source "ChessBase"]
[SourceDate "2023.10.10"]
[SourceVersion "1"]
[SourceVersionDate "2023.10.10"]
[SourceQuality "1"]

1. e4 e5 2. Nf3 Nf6 3. Nc3 Bb4 4. Bc4 0-0 5. Nxe5 Qe7 6. Nf3 Bxc3 7. dxc3 Qxe4+ 8. Be2 Re8 9. h3 d5 10. Bg5 Nbd7 11. Kf1 h6 12. Bd3 Qe7 13. Bh4 c6 14. Qd2 Nc5 15. Re1 Nce4 16. Bxe4 dxe4 17. Bxf6 Qxf6 18. Nd4 Re7 19. g4 Bd7 20. Qe3 Rae8 21. Rg1 Re5 22. Nf5 Bxf5 23. gxf5 Rxf5 24. Rg2 b6 25. Rg3 c5 26. Ke2 Rf3 27. Rxf3 exf3+ 0-1